Fábulas negras y otros cuentos (Record no. 75987)
[ view plain ]
| 000 -LEADER | |
|---|---|
| campo de control de longitud fija | 00591nam a2200181 i 4500 |
| 001 - NÚMERO DE CONTROL | |
| campo de control | 75987 |
| 003 - IDENTIFICADOR DE NÚMERO DE CONTROL | |
| campo de control | ES-MaACL |
| 005 - FECHA Y HORA DE LA ÚLTIMA TRANSACCIÓN | |
| campo de control | 20250905150528.0 |
| 007 - CAMPO FIJO DE DESCRIPCIÓN FÍSICA--INFORMACIÓN GENERAL | |
| campo de control de longitud fija | t| |
| 008 - DATOS DE LONGITUD FIJA--INFORMACIÓN GENERAL | |
| campo de control de longitud fija | 040928s1961 sp ||||1| spa d |
| 100 1# - ENTRADA PRINCIPAL--NOMBRE DE PERSONA | |
| Nombre de persona | Greciet Aller, Esteban. |
| 9 (RLIN) | 59818 |
| 245 10 - MENCIÓN DEL TÍTULO | |
| Título | Fábulas negras y otros cuentos |
| Resto del título | : relatos de humor para mayores / |
| Mención de responsabilidad, etc. | Esteban Greciet ; prólogo Dolores Medio. |
| 260 ## - PUBLICACIÓN, DISTRIBUCIÓN, ETC. | |
| Lugar de publicación, distribución, etc. | Oviedo : |
| Nombre del editor, distribuidor, etc. | [s.n., |
| Fecha de publicación, distribución, etc. | 1961] ( |
| Fabricante | "La Cruz") |
| 300 ## - DESCRIPCIÓN FÍSICA | |
| Extensión | 117 p., 11 lám. ; |
| Dimensiones | 15 cm. |
| 700 1# - ENTRADA AGREGADA--NOMBRE PERSONAL | |
| Nombre de persona | Medio, Dolores, |
| Fechas asociadas al nombre | 1911-1996 |
| 9 (RLIN) | 79767 |
| 852 ## - LOCALIZACIÓN | |
| Ubicación | ES-MaACL |
| Número de control de estantería | G-13709 |
| Sublocalización o colección | R.48283 |
| Estatus retirado | Estado de pérdida | Estado de daño | No para préstamo | Biblioteca de origen | Biblioteca actual | Ubicación en estantería | Fecha de adquisición | Fuente de adquisición | Total de préstamos | Signatura topográfica completa | Código de barras | Visto por última vez | Precio de reemplazo | Tipo de ítem Koha |
|---|---|---|---|---|---|---|---|---|---|---|---|---|---|---|
| Biblioteca del Ateneo de Madrid | Biblioteca del Ateneo de Madrid | Sala Pecera Planta 3 | 17/01/2008 | G-13709 | 1079526 | 23/02/2023 | 23/02/2023 | Libro impreso |
